000 00871nas a2200289 4500
001 BR0300118
003 BR-BrBNA
005 20231205103503.0
007 ta
008 230509b bl.|||p| |||| 00| 00por d
040 _aBR-BrBNA
_bpor
_cBiblioteca Nacional de Agricultura
041 _a(Pt)
072 _aL01
100 1 _aRusing, A.
100 1 _aNogueira-Couto, R.H.
100 1 _aCouto, L.A.
245 1 _aTela excluidora de rainha na produção de mel e na longevidade das operárias em colmeias de Apis mellifera
650 _aAPIS MELLIFERA
650 _aMEL
650 _aPRODUÇÃO ANIMAL
650 _aCRIAÇÃO
650 _aLONGEVIDADE
650 _aNUTRIÇÃO ANIMAL
773 0 _tCiência Rural (Brazil)
_xISSN 0103-8478
_g(Mar-Apr 2002), v. 32(2) p. 329-334
_wBR0300118
909 _a202311
_bLúcia
_c55
_dLúcia Elande
942 _2AGRIS
_n0
_cANA
999 _c173137
_d173137